Vista normal
Vista MARC
- Comité Español de Representantes de Personas con Discapacidad
Entrada Nombre corporativo
Número de registros utilizados en: 3
001 - NÚMERO DE CONTROL
- campo de control: 1636
003 - IDENTIFICADOR DEL NÚMERO DE CONTROL
- campo de control: ES-MaFIAP
005 - FECHA Y HORA DE LA ÚLTIMA TRANSACCIÓN
- campo de control: 20231120095156.0
008 - DATOS DE LONGITUD FIJA
- campo de control de longitud fija: 231120|| aca||aabn | a|a d
040 ## - FUENTE DE LA CATALOGACIÓN
- Centro catalogador/agencia de origen: ES-MaFIAP
- Centro/agencia transcriptor: ES-MaFIAP
110 ## - ENCABEZAMIENTO-NOMBRE DE ENTIDAD CORPORATIVA
- Nombre de entidad corporativa o nombre de jurisdicción como elemento de entrada: Comité Español de Representantes de Personas con Discapacidad
670 ## - FUENTE DE DATOS ENCONTRADOS
- Cita de la fuente: Work cat.: (ES-MaFIAP)607: Discapacidad y fiscalidad :, 2013





